Top 10 des pays les plus médaillés des Jeux Olympiques - Statistiques

Statistiques générales
  • Ce quiz a été pris 118 fois
    90 depuis la dernière actualisation
  • Le résultat moyen est 8 sur 10
Statistiques - réponses
Pays Nombre de médailles % Correct
France 953
99%
États-Unis 3085
96%
Chine 804
95%
Japon 618
92%
Grande Bretagne 1015
87%
Allemagne 955
85%
Australie 619
82%
Italie 799
78%
Suède 690
47%
Unions Soviétique 1204
1%
Aucun quiz correspondant
Distribution des résultats
% des personnes avec chaque résultat
Percentile par nombre de réponses
Votre historique - résultats
Vous n’avez pas pris ce quiz depuis la dernière actualisation